| 000 | 00554cab a2200205 4500 | ||
|---|---|---|---|
| 001 | X1561 | ||
| 008 | 090401t1994 xxu||||| |||| 00| 0 eng d | ||
| 035 | _a(Sirsi) u17734 | ||
| 041 | _aeng | ||
| 100 | _aCatalano, A. | ||
| 245 | _aCharity begins at work... | ||
| 260 | _c1994 | ||
| 350 | _a0 | ||
| 490 |
_aEstates Gazette _v(9427) 9 July 1994, 64(1) |
||
| 650 | _aPROFILE | ||
| 650 | _aABOUT RICS-RELATED ORGANISATIONS-RICS BENEVOLENT FUND | ||
| 690 | _aMANAGEMENT-BUSINESS MANAGEMENT-PROFESSIONAL PRACTICE | ||
| 942 | _n0 | ||
| 948 | _c04/03/1997 | ||
| 999 |
_c11761 _d11761 |
||